Những bài học lãnh đạo từ các thực tập sinh nhà trắng = Leadership lessons of the white house fellows : Bí quyết truyền cảm hứng cho người khác để trở nên ưu tú và thành công trong mọi tổ chức

Giới thiệu nội dung Chương trình thực tập lãnh đạo tại Nhà trắng của Mỹ và những bài học lãnh đạo của chương trình thực tập này. Một số hướng dẫn để có thể trở thành một thực tập sinh tại Nhà trắng...

Popoln opis

Shranjeno v:
Bibliografske podrobnosti
Glavni avtor: Garcia, Charles P.
Format: Knjiga
Jezik:Undetermined
Izdano: Thành phố Hồ Chí Minh Nxb. Tổng hợp thành phố Hồ Chí Minh 2010
Teme:
Oznake: Označite
Brez oznak, prvi označite!
Thư viện lưu trữ: Trung tâm Học liệu Trường Đại học Cần Thơ
LEADER 01255nam a2200217Ia 4500
001 CTU_185752
008 210402s9999 xx 000 0 und d
020 |c 70000 
082 |a 658.4 
082 |b G216 
100 |a Garcia, Charles P. 
245 0 |a Những bài học lãnh đạo từ các thực tập sinh nhà trắng = Leadership lessons of the white house fellows : 
245 0 |b Bí quyết truyền cảm hứng cho người khác để trở nên ưu tú và thành công trong mọi tổ chức 
245 0 |c Charles P. Garcia ; Nguyễn Ngọc Oanh Vũ dịch 
260 |a Thành phố Hồ Chí Minh 
260 |b Nxb. Tổng hợp thành phố Hồ Chí Minh 
260 |c 2010 
520 |a Giới thiệu nội dung Chương trình thực tập lãnh đạo tại Nhà trắng của Mỹ và những bài học lãnh đạo của chương trình thực tập này. Một số hướng dẫn để có thể trở thành một thực tập sinh tại Nhà trắng 
650 |a Leadership,Nghệ thuật lãnh đạo 
910 |a Ngô Hồng Xuân 
980 |a Trung tâm Học liệu Trường Đại học Cần Thơ